000 01043cam a2200277 a 4500
999 _c124
_d124
001 4473961
003 Nust
005 20171206102724.0
008 961011s1997 paua b 001 0 eng
010 _a 96061583
020 _a1566764785
040 _aDLC
_cDLC
_dDLC
050 0 0 _aTD796.5
_b.E67 1997
082 0 0 _a631.875 EPS
_221
100 1 _aEpstein, Eliot,
_d1929-
_96973
245 1 4 _aThe science of composting /
_cEliot Epstein.
260 _aLancaster, Pa. :
_bTechnomic Pub. Co.,
_cc1997.
300 _axv, 487 p. :
_bill. ;
_c24 cm.
500 _aH.B
504 _aIncludes bibliographical references and index.
650 0 _aCompost.
_96974
650 0 _aRefuse and refuse disposal
_xBiodegradation.
_96975
856 4 2 _3Publisher description
_uhttp://www.loc.gov/catdir/enhancements/fy0744/96061583-d.html
906 _a7
_bcbc
_corignew
_d2
_eopcn
_f19
_gy-gencatlg
942 _2ddc
_cBK
_kIESE